| 000 | 00464nam a2200193Ia 4500 | ||
|---|---|---|---|
| 005 | 20240823010604.0 | ||
| 008 | 240823s9999||||xx |||||||||||||| ||und|| | ||
| 041 | _aENGLISH | ||
| 082 | _A307.1412 P0 | ||
| 100 | _aBhatia B S | ||
| 245 | 0 | _aRural Development Management | |
| 250 | _a1st | ||
| 260 |
_c2000 _b"Deep and Deep,New Delhi" |
||
| 500 | _aYES | ||
| 650 |
_aManagement _bManagement Studies |
||
| 700 | _a Batra G S | ||
| 942 | _cBK | ||
| 999 |
_c159061 _d159061 |
||